Process systems analysis and control (Record no. 13580)

000 -LEADER
fixed length control field 00605nam a22002171 4500
001 - CONTROL NUMBER
control field 13580
003 - CONTROL NUMBER IDENTIFIER
control field BD-DhUET
008 - FIXED-LENGTH DATA ELEMENTS--GENERAL INFORMATION
fixed length control field 730306s1965 nyua b 000 0 eng
040 ## - CATALOGING SOURCE
Original cataloging agency DLC
Transcribing agency DLC
Modifying agency BD-DhUET
082 ## - DEWEY DECIMAL CLASSIFICATION NUMBER
Classification number 660.284
Item number COU/1965
100 1# - MAIN ENTRY--PERSONAL NAME
Personal name Coughanowr, Donald R.
245 10 - TITLE STATEMENT
Title Process systems analysis and control
250 ## - EDITION STATEMENT
Edition statement 1st ed.
260 ## - PUBLICATION, DISTRIBUTION, ETC. (IMPRINT)
Place of publication, distribution, etc. New York
Name of publisher, distributor, etc. McGraw-Hill
Date of publication, distribution, etc. 1965
300 ## - PHYSICAL DESCRIPTION
Extent xii, 491 p.
Other physical details illus.
Dimensions 23 cm.
490 ## - SERIES STATEMENT
Series statement McGraw-hill chemical engineering series
504 ## - BIBLIOGRAPHY, ETC. NOTE
Bibliography, etc Includes bibliographies
650 #0 - SUBJECT ADDED ENTRY--TOPICAL TERM
Topical term or geographic name as entry element Industrial process
700 ## - ADDED ENTRY--PERSONAL NAME
Personal name Koppel, Lowell B.
942 ## - ADDED ENTRY ELEMENTS (KOHA)
Koha item type General Book
Holdings
Copy number Koha full call number Price effective from Koha normalized classification for sorting Piece designation (barcode) Sublocation or collection (holding branch) Withdrawn status Not for loan Date acquired Shelving location Koha date last seen Lost status Location (home branch) Source of classification or shelving scheme Koha item type Damaged status
1660.284/COU/19652015-03-03660_284000000000000_COU_196529691Central Library, BUET  2015-03-03Circulation section2015-03-03 Central Library, BUET General Book 
2660.284/COU/19652015-05-11660_284000000000000_COU_196517867Central Library, BUET  2015-05-11Circulation section2015-05-11 Central Library, BUET General Book 
3660.284/COU/19652015-05-11660_284000000000000_COU_196517870Central Library, BUET  2015-05-11Circulation section2015-05-11 Central Library, BUET General Book 
4660.284/COU/19652015-06-21660_284000000000000_COU_196529702Central Library, BUET  2015-06-21Reading section2015-06-21 Central Library, BUET Reading Item 
5660.284/COU/19652015-06-21660_284000000000000_COU_196518753Central Library, BUET  2015-06-21Reading section2015-06-21 Central Library, BUET Reading Item 
6660.284/COU/19652015-06-21660_284000000000000_COU_196517868Central Library, BUET  2015-06-21Reading section2015-06-21 Central Library, BUET Reading Item